Score 0/7 Timer 03:00
3 Plays Today
Question Answer Wrong Answers
This famous English soccer player, who is married to a former member of the Spice Girls, is born.
1975
David Beckham
94.3%
Alan Shearer
0.8%
Wayne Rooney
1.1%
Michael Owen
0.8%
This Russian monarch, who came to power when her husband Peter III was assassinated, is born.
1729
Catherine II
86.4%
Anna
6.6%
Elizabeth
2.8%
Praskovia Saltykova
3.1%
This American playwright wins the Pulitzer Prize for ‘Cat on a Hot Tin Roof’.
1955
Tennessee Williams
79.6%
Arthur Miller
12.7%
Edward Albee
2.8%
August Wilson
2.3%
A pastel version of ‘The Scream’, by Norwegian painter ______, sells for $120 million in a New York City auction, setting a new world record for a work of art at auction.
2012
Edvard Munch
79.5%
Vincent van Gogh
9%
Rembrandt
3.8%
Claude Monet
4%
This central African territory is established by King Léopold II of Belgium.
1885
Congo Free State
76.2%
Togoland
14.1%
Río Muni
1.3%
Basutoland
6.2%
King Charles II of England grants a permanent charter to the Hudson's Bay Company to open up the ______ trade in North America.
1670
Fur
72.2%
Weapons
2%
Cotton
7.4%
Tobacco
18.3%
Osama bin Laden, the suspected mastermind behind the September 11 attacks and the FBI's most wanted man, is killed by the United States special forces in Abbottabad, ______.
2011
Pakistan
64.8%
Syria
2.4%
Iraq
6.5%
Afghanistan
23%
Remove Ads.
Support Sporcle.
Get the best of Sporcle when you Go Orange. This ad-free experience offers more features, more stats, and more fun while also helping to support Sporcle. Thank you for becoming a member.

You're not logged in!

Compare scores with friends on all Sporcle quizzes.
OR
Log In

Show Comments

Extras

Top Quizzes Today


Score Distribution

Your Account Isn't Verified!

In order to create a playlist on Sporcle, you need to verify the email address you used during registration. Go to your Sporcle Settings to finish the process.

Report this User

Report this user for behavior that violates our Community Guidelines.

Details: